Radar Principles with Applications to Tracking Systems

Αποθηκεύτηκε σε:
Λεπτομέρειες βιβλιογραφικής εγγραφής
Κύριος συγγραφέας: Bogler, Philip L.
Μορφή: Βιβλίο
Γλώσσα:English
Δημοσίευση: New York : Wiley, c1990
Θέματα:
Ετικέτες: Προσθήκη ετικέτας
Δεν υπάρχουν, Καταχωρήστε ετικέτα πρώτοι!

MARC

LEADER 00000cam a2200000 i 4500
001 1/34932
008 941103s1990 eng d
020 |a 0471501921 
035 |l 10039791 
035 |a 1991  |c ΚΑΤΣΙΚΑΣ 
040 |a GR-MY-UA  |b gre  |e aacr 
041 0 |a eng 
082 0 |a 621.3848  |2 (20) 
100 1 |a Bogler, Philip L. 
245 1 0 |a Radar Principles with Applications to Tracking Systems /  |c Philip L. Bogler 
260 |a New York :   |b Wiley,   |c c1990 
300 |a xv, 319 p.;  |b ill.;  |c 25 cm 
500 |a "A Wiley-Interscience publication." 
500 |a Includes index 
504 |a Bibliography: p. 305-314 
650 0 0 |a Tracking radar. 
650 0 0 |a Signal processing. 
852 |a INST  |b SAMOS  |e 19941103  |h 621.3848 BOG  |p 005300003355  |q 005300003355  |t BK  |y 0 
909 |a Σ  |b 021206